000 00277nam a22001217a 4500
003 SGT
082 _a615.836
_bR12G
100 _aGARDENHIRE, DOUGLAS
245 _aRAUS RESPIRATORY CARE PHARMACOLOGY
260 _aMISSOURI
_bELSEVIER
_c2012
300 _a449
942 _2ddc
_cBK
999 _c14800
_d14800